000 00666nam a22002177a 4500
005 20251108174649.0
008 250721s2007 xx 000 0 ara d
020 _a9957083333
082 1 4 _aط/ق/فيل
100 1 _aفارع، شحدة
_eمؤلف
245 1 0 _aالفيل الأبيض /
264 1 _aعمان :
_bدار المنهل ناشرون،
_c2007.
300 _a23 ص.
490 0 _aنادي القراءة
650 1 7 _aالقصص العربيه
650 1 7 _aالاطفال
653 _aاطفال مرحله متوسطه ( 6 - 9 سنوات )
700 1 _aعبد الواحد، ماهر
_eمؤلف
942 _2ddc
_cBK
999 _c114852
_d114852